{"text_format":"1","workbook":"xlsx","n_sheets":1,"sheets":["inv_madera_abril_2022"],"not_rendered":{"charts":0,"images":2,"macros":0,"external_links":0,"defined_names":0,"comments":0,"pivot_tables":0},"unopened":[],"bounds":{"document_bytes":16777216,"sheet_cells":100000,"rows_first":2000,"rows_last":500,"rows_between":2000,"halvings":0,"cell_chars":16384,"cell_head_chars":4096},"cells_cut":0,"cells_raw":0,"read":"whole","date_system":"1900"}

{"sheet":"inv_madera_abril_2022","index":0,"n_rows":76,"n_cols":8,"rows_kept":76,"cut":false,"hidden":false,"merged":[[63,0,63,7],[14,0,14,6],[45,0,45,6],[75,0,75,6],[65,6,69,6],[65,7,69,7],[1,0,1,7],[2,0,2,7],[3,0,3,7],[31,0,31,7],[32,0,32,7],[33,0,33,7],[61,0,61,7],[62,0,62,7],[65,0,69,0],[65,1,69,1],[65,2,69,2],[65,3,69,3],[65,4,69,4],[65,5,69,5],[5,6,9,6],[5,7,9,7],[35,0,39,0],[35,1,39,1],[35,2,39,2],[35,3,39,3],[35,4,39,4],[35,5,39,5],[35,6,39,6],[35,7,39,7],[5,0,9,0],[5,1,9,1],[5,2,9,2],[5,3,9,3],[5,4,9,4],[5,5,9,5]]}
[]
["INSTITUTO DEL TABACO DE LA REPÚBLICA DOMINICANA"]
["INVENTARIO DE MADERA"]
["MES DE ABRIL 2022"]
[]
["Fecha de adquisición y/o registro","Artículo","Código instritucional","Descripción artículo","Existencia","Unidad","Costo","Valor"]
[]
[]
[]
[]
["2021-12-28","MADERA ( 3 )","ESTA","ESTANTE DE 13 P. MAD. DURA",21,"UND",406.58375999999998,{"$f":"+G11*E11","v":8538.2589599999992}]
["2018-01-22","MADERA ( 3 )","F1X3X12","FAJILLAS 1X3X12",1103.5,"DOCENA",2400,{"$f":"+G12*E12","v":2648400}]
["2021-12-28","MADERA ( 3 )","VARFIN-ASC","VARAS FINA DE ASCASIA",15,"DOCENA",1740,{"$f":"+G13*E13","v":26100}]
["2022-01-31","OTROS ( 5 )","VA20P","VARAS DE ACACIA 20P",32380,"UND",200,{"$f":"+G14*E14","v":6476000}]
["TOTAL",null,null,null,null,null,null,{"$f":"SUM(H11:H14)","v":9159038.2589599993}]
[]
[]
[]
[]
[]
[]
[]
[]
[]
[]
[]
[]
[]
[]
[]
[]
["INSTITUTO DEL TABACO DE LA REPÚBLICA DOMINICANA"]
["INVENTARIO DE MADERA"]
["MES DE MAYO 2022"]
[]
["Fecha de adquisición y/o registro","Artículo","Código instritucional","Descripción artículo","Existencia","Unidad","Costo","Valor"]
[]
[]
[]
[]
["2021-12-28","MADERA ( 3 )","ESTA","ESTANTE DE 13 P. MAD. DURA",21,"UND",406.58375999999998,{"$f":"+G41*E41","v":8538.2589599999992}]
["2018-01-22","MADERA ( 3 )","F1X3X12","FAJILLAS 1X3X12",1045.25,"DOCENA",2400,{"$f":"+G42*E42","v":2508600}]
["2021-12-28","MADERA ( 3 )","VARFIN-ASC","VARAS FINA DE ASCASIA",15,"DOCENA",1740,{"$f":"+G43*E43","v":26100}]
["2022-01-31","MADERA ( 3 )","ZA 29","ZINC ACANALADO C.29 12P",339,"UND",975,{"$f":"+G44*E44","v":330525}]
["2022-05-31","OTROS ( 5 )","VA20P","VARAS DE ACACIA 20P",30956,"UND",200,{"$f":"+G45*E45","v":6191200}]
["TOTAL",null,null,null,null,null,null,{"$f":"SUM(H41:H45)","v":9064963.2589599993}]
[]
[]
[]
[]
[]
[]
[]
[]
[]
[]
[]
[]
[]
[]
[]
["INSTITUTO DEL TABACO DE LA REPÚBLICA DOMINICANA"]
["INVENTARIO DE MADERA"]
["MES DE JUNIO 2022"]
[]
["Fecha de adquisición y/o registro","Artículo","Código instritucional","Descripción artículo","Existencia","Unidad","Costo","Valor"]
[]
[]
[]
[]
["2021-12-28","MADERA ( 3 )","ESTA","ESTANTE DE 13 P. MAD. DURA",21,"UND",406.58375999999998,{"$f":"+G71*E71","v":8538.2589599999992}]
["2018-01-22","MADERA ( 3 )","F1X3X12","FAJILLAS 1X3X12",989.83,"DOCENA",2400,{"$f":"+G72*E72","v":2375592}]
["2021-12-28","MADERA ( 3 )","VARFIN-ASC","VARAS FINA DE ASCASIA",15,"DOCENA",1740,{"$f":"+G73*E73","v":26100}]
["2022-01-31","MADERA ( 3 )","ZA 29","ZINC ACANALADO C.29 12P",339,"UND",975,{"$f":"+G74*E74","v":330525}]
["2022-05-31","OTROS ( 5 )","VA20P","VARAS DE ACACIA 20P",29992,"UND",200,{"$f":"+G75*E75","v":5998400}]
["TOTAL",null,null,null,null,null,null,{"$f":"SUM(H71:H75)","v":8739155.2589599993}]